000 00495nam a2200205Ia 4500
005 20240823024320.0
008 240823s9999||||xx |||||||||||||| ||und||
020 _a978-0-521-14903-7
041 _aENGLISH
082 _A620.5 P9
100 _aNovotny Lukas
245 0 _aPrinciples of Nano-Optics
250 _a1st
260 _c2009
_bCambridge University Press
500 _aYES
650 _aNano-Optics
_bNano Technology
700 _a Hecht Bert
942 _cBK
999 _c183634
_d183634